О влиянии баланса вод на режим уровня Балтийского моря. 2: Материал к определению материкового стока в Балтийское море (Запись № 6803858)

Подробности
000 -МАРКЕР
контрольное поле 01550nam2a2200265 4500
001 - ИДЕНТИФИКАТОР ЗАПИСИ
контрольное поле rc\2968480
005 - ИДЕНТИФИКАТОР ВЕРСИИ
контрольное поле 20250530000740.0
035 ## - ДРУГИЕ СИСТЕМНЫЕ НОМЕРА
Идентификатор записи (NLR Aleph) 007114775
100 ## - ДАННЫЕ ОБЩЕЙ ОБРАБОТКИ
Данные общей обработки 20110906d1933 |||y0rusy50 ca
101 0# - ЯЗЫК РЕСУРСА
Язык текста, звукозаписи и т.д. русский
102 ## - СТРАНА ПУБЛИКАЦИИ ИЛИ ПРОИЗВОДСТВА
Страна публикации Российская Федерация
105 ## - ПОЛЕ КОДИРОВАННЫХ ДАННЫХ: ТЕКСТОВЫЕ МАТЕРИАЛЫ, МОНОГРАФИЧЕСКИЕ
Кодированные данные о монографическом текстовом документе b z 000zy
200 1# - ЗАГЛАВИЕ И СВЕДЕНИЯ ОБ ОТВЕТСТВЕННОСТИ
Основное заглавие Материал к определению материкового стока в Балтийское море
Первые сведения об ответственности В. А. Берг и Е. Н. Спенглер (СССР)
210 ## - ПУБЛИКАЦИЯ, РАСПРОСТРАНЕНИЕ И ДР.
Дата издания, распространения и т.д. [1933]
Имя изготовителя 1-я тип. изд-ва Ленинградского облисполкома и совета
Место издания, распространения и т.д. Б. м.
215 ## - ФИЗИЧЕСКАЯ ХАРАКТЕРИСТИКА
Специфическое обозначение материала и объем 19, [1] с., 1 л. цв. карта
461 #0 - УРОВЕНЬ НАБОРА
Встроенное поле 001RU\NLR\BIBL_A\021966730
-- 2001#$aО влиянии баланса вод на режим уровня Балтийского моря$fIV Гидрологическая конференция Балтийских стран, Ленинград, сентябрь 1933$v2
Системный номер (АБИС) связанной записи 12343412
Место публикации [Ленинград]
Дата публикации 1933
Первые сведения об ответственности IV Гидрологическая конференция Балтийских стран, Ленинград, сентябрь 1933
Заглавие О влиянии баланса вод на режим уровня Балтийского моря
Номер тома 2
701 #1 - ИМЯ ЛИЦА - АЛЬТЕРНАТИВНАЯ ОТВЕТСТВЕННОСТЬ
Начальный элемент ввода Берг
Часть имени, кроме начального элемента ввода В. А.
Даты 1894-
Расширение инициалов личного имени Вадим Андреевич
701 #1 - ИМЯ ЛИЦА - АЛЬТЕРНАТИВНАЯ ОТВЕТСТВЕННОСТЬ
Начальный элемент ввода Спенглер
Часть имени, кроме начального элемента ввода Е. Н.
Даты 1887-1964
Расширение инициалов личного имени Евгений Николаевич
801 #0 - ИСТОЧНИК ЗАПИСИ
Страна Российская Федерация
Организация NLR
Правила каталогизации psbo
801 #1 - ИСТОЧНИК ЗАПИСИ
Страна Российская Федерация
Организация ELAR
Источник данных rusmarc
852 ## - МЕСТОНАХОЖДЕНИЕ И ШИФР ХРАНЕНИЯ
Идентификатор организации NLR
Шифр хранения (Call Number) 34-18/107(60-2)
942 ## - ДОПОЛНИТЕЛЬНЫЕ ЭЛЕМЕНТЫ ЗАПИСИ (АБИС)
Тип экземпляра АБИС Книга
980 ## - КОЛЛЕКЦИЯ
Название коллекции Национальная библиография
Экземпляры
Тип экземпляра Дата поступления Библиотека постоянного хранения Библиотека текущего хранения Место хранения Шифр хранения Штрих-код Статус экземпляра
Книга 22.06.2023 РНБ (Садовая) РНБ (Садовая) Русский книжный фонд -Главное здание, Ленинский читальный зал 34-18/107(60-2) 7114775-10